000 00817nam a2200265Ia 4500
003 OSt
005 20221006160007.0
006 a|||||r|||| 00| 0
007 ta
008 221006b |||||||| |||| 00| 0 eng d
020 _a9780230116955
_c
_81.00
024 _a44,016
037 _bGift, Korean Embassy (Window on Korea)
_cTextual
040 _aEASL
_cEASL
_beng
041 _2eng
_aeng
082 _aNW49B, Q1
100 _aYAU Shuk-ting Ed.
_9671383
245 0 _aEast asian cinema and cultural heritage
_b From China,Hong-Kong,Taiwan to Japan and south korea
260 _aLondon
_bPalgrave
_c2011
300 _a207p.
_ccm.
490 _v KEL
650 _aKEL
942 _hNW49B, Q1
_cTEXL
_2CC
999 _c1112108
_d1112108